[Event "Ch Bulgaria"]
[Site "masterchessopen.com Pleven (Bulgaria)"]
[Date "2005.05.24"]
[Round "2"]
[White "Chatalbashev Boris (BUL)"]
[Black "Rusev Krasimir (BUL)"]
[Result "0-1"]
[WhiteElo "2491"]
[BlackElo "2434"]

1.d4 Nf6 2.Nf3 e6 3.c4 b6 4.Nc3 Bb7 5.Bg5 h6 6.Bh4 Bb4 7.Nd2 O-O 8.f3 d5 9.a3
Be7 10.cxd5 Nxd5 11.Bf2 c5 12.dxc5 Bxc5 13.Bxc5 bxc5 14.Qb3 Ba6 15.Nxd5 exd5
16.e4 Bxf1 17.Rxf1 dxe4 18.O-O-O Nc6 19.Nxe4 Qc7 20.Qc3 Qxh2 21.Kb1 Nd4
22.Nxc5 Ne2 23.Qc4 Qxg2 24.Rfe1 Rac8 25.b4 Rfe8 26.Qd3 Qf2 27.Ka1 Qh2 28.Qb3
Qh4 29.Ne4 Nd4 30.Qd5 Nc2+ 31.Ka2 Nxe1 32.Nd6 Qf2+ 33.Rd2 Qxf3 {#R} 0-1

[Event "It (open) (b)"]
[Site "masterchessopen.com Cullera (Spain)"]
[Date "2005.07.23"]
[Round "1"]
[White "Selva Salvador Antonio (ESP)"]
[Black "Sala Espi Antonio (ESP)"]
[Result "1-0"]
[WhiteElo "1991"]
[BlackElo "1699"]

1.d4 Nf6 2.Nf3 e6 3.c4 b6 4.Nc3 Bb7 5.Bg5 h6 6.Bh4 g5 7.Bg3 Ne4 8.e3 Bb4 9.Qc2
Nxg3 10.hxg3 Qf6 11.O-O-O a5 12.Ne4 Qg7 13.Bd3 f5 14.Nc3 Bxc3 15.Qxc3 Nc6
16.d5 Qxc3+ 17.bxc3 exd5 18.Bxf5 Ke7 19.cxd5 Nb8 20.e4 Kf6 21.g4 d6 22.Rh5 Na6
23.Rdh1 Kg7 24.Nd4 Nc5 25.Ne6+ Nxe6 26.Bxe6 Raf8 27.f3 Ba6 28.Bf5 Bc4 29.a3
Bb5 30.g3 Be2 31.f4 gxf4 32.gxf4 Bf3 33.R1h2 Re8 34.Be6 Bxe4 35.g5 hxg5
36.Rxg5+ Kf6 37.Rgh5 Rxh5 38.Rxh5 Kg7 39.Kd2 Rf8 40.Ke3 Bc2 41.f5 Ba4 42.Kf4
Be8 43.Rh4 {#r} 1-0

[Event "Ch Ukraine (juniors) (under 18) (1/2 final)"]
[Site "masterchessopen.com Dnepropetrovsk (Ukraine)"]
[Round "9"]
[White "Artemchuk Taras (UKR)"]
[Black "Savenko Sergey (UKR)"]
[Result "1-0"]
[WhiteElo "2191"]
[BlackElo "2224"]

1.d4 Nf6 2.c4 e6 3.Nf3 b6 4.Nc3 Bb7 5.Bg5 Bb4 6.e3 h6 7.Bh4 g5 8.Bg3 Ne4 9.Qc2
Bxc3+ 10.bxc3 Nxg3 11.hxg3 d6 12.Bd3 g4 13.Nh4 Qg5 14.Be4 c6 15.a4 d5 16.Bd3
Nd7 17.a5 dxc4 18.Bxc4 b5 19.a6 Bc8 20.Be2 Nf6 21.c4 Bd7 22.O-O O-O 23.Rfc1
Rfc8 24.Qb2 bxc4 25.Rxc4 Nd5 26.e4 Nb6 27.Rc5 Qg7 28.Qd2 Be8 29.Rd1 f6 30.Qa2
Bf7 31.Rdc1 Rd8 32.Qa1 Be8 33.Bd1 Rac8 34.Bb3 Qd7 35.d5 exd5 36.Qxf6 Qg7
37.Qxg7+ Kxg7 38.exd5 cxd5 39.Nf5+ Kf6 40.Nxh6 Rxc5 41.Rxc5 Kg5 42.Ng8 Ba4
43.Bxa4 Nxa4 44.Ra5 Rxg8 45.Rxa4 Rd8 46.Kf1 Rd6 47.Ke2 d4 48.Ra5+ Kg6 49.Kd3
Kf6 50.f4 gxf3 51.gxf3 Kg6 52.g4 Kh6 53.f4 Kg6 54.Ra3 Kf6 55.Ke4 d3 56.Rxd3
Rxa6 57.g5+ Kg6 58.Ke5 Ra1 59.Rd6+ Kg7 60.Kf5 Ra5+ 61.Kg4 Rc5 62.f5 a5 63.Rd7+
Kg8 64.Ra7 Rb5 65.g6 Rb1 66.Kg5 {#r} 1-0

[Event "It (open)"]
[Site "masterchessopen.com Besancon (France)"]
[Date "2005.12.28"]
[Round "5"]
[White "Drillat Michel (FRA)"]
[Black "Romano Gianni (FRA)"]
[Result "1-0"]
[WhiteElo "2028"]
[BlackElo "2111"]

1.d4 Nf6 2.Nf3 e6 3.c4 b6 4.Nc3 Bb7 5.Bg5 Bb4 6.e3 h6 7.Bh4 g5 8.Bg3 Ne4 9.Qc2
Bxc3+ 10.bxc3 d6 11.Bd3 f5 12.d5 exd5 13.cxd5 Bxd5 14.Nd4 Qf6 15.Nxf5 Nxc3
16.O-O Nc6 17.Rfc1 Nb4 18.Qxc3 Qxc3 19.Rxc3 Nxd3 20.Rxc7 Nc5 21.Bxd6 Nd7
22.Rd1 Be6 23.Ng7+ Kf7 24.Be5 Rhd8 25.Rd6 Rac8 26.Nxe6 Kg8 27.Nxd8 Rxc7
28.Rg6+ {#r} 1-0

[Event "It (open) \"]
[Site "masterchessopen.com Moscow (Russia)"]
[Date "2006.02.10"]
[Round "4"]
[White "Donchenko Anatoly G (GER)"]
[Black "Iljin Artem (RUS)"]
[Result "1-0"]
[WhiteElo "2395"]
[BlackElo "2513"]

1.d4 Nf6 2.Nf3 e6 3.c4 b6 4.Nc3 Bb7 5.Bg5 h6 6.Bh4 Bb4 7.Qb3 a5 8.e3 c5 9.Be2
a4 10.Qc2 g5 11.Bg3 Ne4 12.O-O Bxc3 13.bxc3 O-O 14.Nd2 f5 15.Bd3 Nxd2 16.Qxd2
Nc6 17.Bd6 Rf7 18.Rab1 Na5 19.Qe2 Ba6 20.dxc5 bxc5 21.e4 Nb7 22.e5 Nxd6
23.exd6 Qf6 24.Qd2 Bc8 25.Rb5 Ra6 26.Be2 e5 27.Rxc5 Bb7 28.Rd1 Bc6 29.Qe3 e4
30.Qd4 Rb6 31.a3 Rb8 32.Re5 g4 33.c5 Kh8 34.Bc4 Rff8 35.Rxf5 {#r} 1-0

[Event "It (cat.4)"]
[Site "masterchessopen.com Bruges (Belgium)"]
[Date "2006.03.01"]
[Round "6"]
[White "Michiels Rob (BEL)"]
[Black "Malakhatko Vadim (BEL)"]
[Result "0-1"]
[WhiteElo "2251"]
[BlackElo "2617"]

1.d4 Nf6 2.Nf3 e6 3.c4 b6 4.Nc3 Bb7 5.Bg5 Bb4 6.e3 h6 7.Bh4 g5 8.Bg3 Ne4 9.Qc2
f5 10.d5 Bxc3+ 11.bxc3 Nxg3 12.hxg3 Qf6 13.Bd3 Na6 14.O-O Nc5 15.e4 fxe4
16.Bxe4 O-O-O 17.Nd2 g4 18.Nb3 Nxe4 19.Qxe4 h5 20.Rad1 h4 21.Qxg4 hxg3 22.fxg3
Qh6 23.Rf4 e5 24.Re4 Qh2+ 25.Kf2 Rdg8 {#R} 0-1

[Event "It (open) \"]
[Site "masterchessopen.com Berlin (Germany)"]
[Date "2006.05.27"]
[Round "5"]
[White "Schulz Hartmut (GER)"]
[Black "Jaskulski Klaus (GER)"]
[Result "1-0"]
[WhiteElo "2167"]
[BlackElo "1867"]

1.d4 Nf6 2.c4 e6 3.Nc3 b6 4.Nf3 Bb7 5.Bg5 h6 6.Bh4 Bb4 7.e3 g5 8.Bg3 Ne4 9.Qc2
Bxc3+ 10.bxc3 Nxg3 11.hxg3 Qf6 12.Bd3 Bxf3 13.gxf3 Nc6 14.Qe2 a5 15.a4 Ne7
16.f4 gxf4 17.Qf3 Rb8 18.Qxf4 Qxf4 19.exf4 f5 20.Kd2 Kf7 21.Be2 Rbg8 22.Rab1
d6 23.Rb5 Nc8 24.Bf3 Na7 25.Rb2 Kf6 26.c5 dxc5 27.dxc5 Rd8+ 28.Kc2 bxc5 29.Rb7
Nc8 30.Rxc7 Nb6 31.Rxc5 Nxa4 32.Rxa5 Nxc3 33.Kxc3 Rd6 34.Rc5 Rhd8 35.Be2 Kg6
36.Bc4 Rb6 37.Re1 Kf6 38.Rce5 Rdd6 39.Rxe6+ Rxe6 40.Rxe6+ Rxe6 41.Bxe6 Kxe6
42.Kc4 h5 43.Kc5 Ke7 44.Kd5 {#r} 1-0

[Event "It (open)"]
[Site "masterchessopen.com Poznan (Poland)"]
[Date "2006.07.28"]
[Round "7"]
[White "Skindzier Saturnin (POL)"]
[Black "Szczesniak Andrzej (POL)"]
[Result "1-0"]
[WhiteElo "2196"]
[BlackElo "2080"]

1.d4 Nf6 2.Nf3 e6 3.c4 b6 4.Nc3 Bb7 5.Bg5 h6 6.Bh4 Bb4 7.Rc1 g5 8.Bg3 Ne4 9.d5
Bxc3+ 10.bxc3 Nxg3 11.hxg3 Qf6 12.e4 d6 13.Bd3 Nd7 14.Rh5 Ke7 15.Nd4 Ne5
16.Qe2 Qg6 17.g4 Qf6 18.g3 Ba6 19.Kf1 Kf8 20.Kg2 Re8 21.Re1 Qg6 22.dxe6 fxe6
23.Nb5 Re7 24.Bc2 Rf7 25.Bb3 Kg7 26.Nd4 Rhf8 27.Nf5+ exf5 28.gxf5 Qh7 29.Reh1
g4 30.Rxh6 Qxh6 31.Rxh6 Kxh6 32.Qd2+ Kg7 33.Qg5+ Kh7 34.c5 Bc4 35.Bxc4 Nxc4
36.Qh5+ Kg8 37.Qxg4+ Rg7 38.Qe2 Ne5 39.cxd6 cxd6 40.Qd2 Rf6 41.f3 Kh7 42.Qd4
Rh6 43.f4 Rh2+ 44.Kxh2 Nf3+ 45.Kh3 Nxd4 46.cxd4 Re7 47.e5 dxe5 48.dxe5 b5
49.f6 Rc7 50.Kg4 Kg6 51.f5+ Kf7 52.Kg5 Rc3 53.e6+ Kf8 54.g4 Rc7 55.Kh5 b4
56.g5 a5 57.Kg6 Rc8 58.Kh7 Rc2 59.e7+ Kf7 60.g6+ Ke8 61.g7 Rh2+ 62.Kg8 {#r}
1-0

[Event "Ch Moscow Region (open)"]
[Site "masterchessopen.com Dubna (Russia)"]
[Date "2006.08.09"]
[Round "8"]
[White "Mamedov Zaur (RUS)"]
[Black "Lavrischev Anatoliy (RUS)"]
[Result "0-1"]
[WhiteElo "2113"]
[BlackElo "2050"]

1.d4 b6 2.c4 Bb7 3.Nc3 e6 4.Nf3 Nf6 5.Bg5 h6 6.Bh4 Bb4 7.Qc2 g5 8.Bg3 Ne4 9.e3
d6 10.Bd3 Bxc3+ 11.bxc3 f5 12.Qb3 Qd7 13.c5 Nxg3 14.hxg3 Bxf3 15.gxf3 dxc5
16.Bc4 Ke7 17.Rd1 Qc8 18.dxc5 bxc5 19.Qb5 Nd7 20.Qc6 Ne5 21.Qxc5+ Kf6 22.Be2
Qb7 23.O-O Qb6 24.Qa3 Rhd8 25.f4 Nf7 26.Bf3 Rab8 27.c4 g4 28.Bg2 a5 29.Qc3+
Kg6 30.e4 Qb4 31.exf5+ exf5 32.Qe3 Kf6 33.Bd5 Re8 34.Qd4+ Kg6 35.Bxf7+ Kxf7
36.Qd7+ Kf6 37.Rd5 Re6 38.Qh7 Re7 39.Rxf5+ Ke6 40.Rd1 Rxh7 41.Re5+ Kf6 42.Rdd5
Re7 43.Rf5+ Kg6 44.Kg2 Qxc4 45.Rfe5 Qc6 46.Kh2 Rxe5 47.Rxe5 {#R} 0-1

[Event "Ch Great Britain (open)"]
[Site "masterchessopen.com Swansea (Wales)"]
[Date "2006.08.15"]
[Round "8"]
[White "Garnett John S (ENG)"]
[Black "Hillman Jamie (ENG)"]
[Result "0-1"]
[WhiteElo "2047"]
[BlackElo "2034"]

1.c4 b6 2.d4 Bb7 3.Nf3 e6 4.Nc3 Nf6 5.Bg5 h6 6.Bh4 Bb4 7.Qc2 O-O 8.e3 c5 9.a3
Bxc3+ 10.Qxc3 Nc6 11.Be2 cxd4 12.Nxd4 Ne4 13.Nxe6 dxe6 14.Bxd8 Nxc3 15.Bh4
Nxe2 16.Kxe2 Ne5 17.b3 Bxg2 18.Rhg1 Nf3 19.Rxg2 Nxh4 20.Rg4 Nf5 21.Rag1 g6
22.h4 h5 23.Rg5 Kh7 {#R} 0-1

[Event "Ch NATO"]
[Site "masterchessopen.com Berkshire "]
[Date "2006.08.21"]
[Round "1"]
[White "Crockart Scott (ENG)"]
[Black "Agergaard Lars (DEN)"]
[Result "0-1"]
[WhiteElo "2147"]
[BlackElo "2171"]

1.c4 b6 2.Nc3 Bb7 3.Nf3 Nf6 4.d4 e6 5.Bg5 h6 6.Bh4 Bb4 7.e3 g5 8.Bg3 Ne4 9.Qc2
Bxc3+ 10.bxc3 d6 11.Nd2 Nxd2 12.Qxd2 Nd7 13.f3 Qe7 14.Bd3 O-O-O 15.a4 a5
16.O-O h5 17.Bf2 f5 18.e4 f4 19.Rab1 g4 20.Qxf4 Rdf8 21.Qe3 e5 22.Kh1 gxf3
23.gxf3 h4 24.Rg1 Qf7 25.Be2 Ba6 26.Qd3 Rfg8 27.Rxg8+ Qxg8 28.Rg1 Qf7 29.Rg4
h3 30.Bh4 Nf6 31.Bxf6 Qxf6 32.Qe3 Kb8 33.Rg3 Qf7 34.c5 Qf4 35.Qxf4 exf4
36.Bxa6 fxg3 37.hxg3 h2 38.c6 Rh3 39.Be2 Kc8 40.f4 Kd8 41.g4 Rxc3 42.Kxh2 Rc2
43.Kg3 Rxe2 44.e5 Ke7 45.Kh4 Re4 {#R} 0-1

[Event "It (open)"]
[Site "masterchessopen.com Lienz (Austria)"]
[Date "2007.02.11"]
[Round "2"]
[White "Horvath Peter_ (HUN)"]
[Black "Mascher Klemens (AUT)"]
[Result "1-0"]
[WhiteElo "2469"]
[BlackElo "2072"]

1.d4 Nf6 2.c4 e6 3.Nf3 b6 4.Nc3 Bb7 5.Bg5 h6 6.Bh4 Bb4 7.e3 O-O 8.Bd3 d6 9.O-O
Bxc3 10.bxc3 Nbd7 11.Nd2 Qe8 12.e4 g5 13.Bg3 e5 14.Re1 Qe7 15.Nf1 Ne8 16.Ne3
Ng7 17.a4 a5 18.Rb1 Rae8 19.h3 Bc6 20.c5 dxc5 21.d5 Ba8 22.Nc4 f5 23.f3 f4
24.Bf2 h5 25.Nxa5 g4 26.fxg4 Qg5 27.Be2 hxg4 28.Bxg4 Nf6 29.Nc4 Bxd5 30.exd5
e4 31.Rf1 Nxd5 32.h4 {#r} 1-0

[Event "Ch Switzerland (team) 2007"]
[Site "masterchessopen.com Switzerland"]
[Date "2007.02.25"]
[Round "1"]
[White "Broennimann Michael (SUI)"]
[Black "Almada Enrique (SUI)"]
[Result "0-1"]
[WhiteElo "2249"]
[BlackElo "2343"]

1.d4 Nf6 2.c4 e6 3.Nf3 b6 4.Nc3 Bb7 5.Bg5 h6 6.Bh4 Bb4 7.Qc2 g5 8.Bg3 Ne4 9.e3
Bxc3+ 10.bxc3 d6 11.Bd3 Nxg3 12.fxg3 Nd7 13.O-O Qe7 14.Be4 O-O-O 15.Bxb7+ Kxb7
16.a4 a5 17.c5 dxc5 18.Rab1 h5 19.Nd2 Ka7 20.Nc4 h4 21.Qe4 Rb8 22.Qc6 f5
23.Qxc7+ Rb7 24.Qc6 Nb8 25.Qf3 hxg3 26.hxg3 cxd4 27.cxd4 Rc8 28.Qe2 Nc6 29.Qb2
Nb4 30.Ne5 Rbc7 31.Rfc1 Kb7 32.Qd2 Qd6 33.Rxc7+ Qxc7 34.Rb2 Qc1+ 35.Qxc1 Rxc1+
36.Kf2 Ra1 37.Nf7 Nd3+ {#R} 0-1

[Event "Czech League 2006/07 (2nd) (e)"]
[Site "masterchessopen.com Czech Republic"]
[Date "2007.04.15"]
[Round "11"]
[White "Obsivac Josef (CZE)"]
[Black "Bazant Petr (CZE)"]
[Result "0-1"]
[WhiteElo "2317"]
[BlackElo "2314"]

1.d4 Nf6 2.c4 e6 3.Nf3 b6 4.Nc3 Bb7 5.Bg5 h6 6.Bh4 Bb4 7.Qb3 Bxc3+ 8.Qxc3 g5
9.Bg3 d6 10.Nd2 Nbd7 11.h4 Nh5 12.hxg5 hxg5 13.c5 Ndf6 14.e4 Nxe4 15.Nxe4 Bxe4
16.Be2 Bg6 17.d5 Rh7 18.cxd6 cxd6 19.Qc6+ Ke7 20.Qb7+ Kf6 21.dxe6 fxe6 22.Qf3+
Kg7 23.Rc1 Nxg3 24.Rxh7+ Kxh7 25.Qxg3 Qe7 26.Rc6 Rd8 27.Qc3 Bf5 28.Bb5 Kg6
29.Rc7 Qf6 30.Qxf6+ Kxf6 31.Kd2 a5 32.g3 Ke5 33.Ke3 g4 34.Be2 d5 35.Bd1 d4+
36.Kd2 Rh8 37.Rb7 Rh2 38.Ke1 d3 39.Rxb6 Rh1+ 40.Kd2 Rf1 41.Ra6 Kd4 42.Rd6+ Kc5
43.Ra6 Kb5 44.Ra8 Rxf2+ 45.Ke3 Rf1 46.Rb8+ Kc5 47.Kd2 Rg1 48.Rc8+ Kb6 49.Rb8+
Ka7 50.Rb5 Ka6 51.a4 Rg2+ 52.Kc3 Rxg3 53.Bb3 Rg2 54.Bc4 Rc2+ 55.Kb3 Rxc4 {#R}
0-1

[Event "Tournament"]
[Site "masterchessopen.com Cherkessk (Russia)"]
[Round "10"]
[White "Akbaev Kazbek (RUS)"]
[Black "Alikhanov Felix (RUS)"]
[Result "1-0"]
[WhiteElo "2295"]
[BlackElo "2392"]

1.Nf3 Nf6 2.d4 e6 3.c4 b6 4.Nc3 Bb7 5.Bg5 h6 6.Bh4 Bb4 7.Nd2 Bxc3 8.bxc3 O-O
9.f3 d6 10.e4 Nbd7 11.Bd3 e5 12.g4 c5 13.d5 Qe8 14.Nf1 Nh7 15.Ne3 g6 16.Qd2
Kg7 17.Bg3 Qe7 18.h4 Rh8 19.h5 Ng5 20.Qf2 Qf6 21.Ke2 Rhg8 22.Raf1 Kf8 23.f4
exf4 24.Qxf4 Qxf4 25.Bxf4 Ne5 26.hxg6 Rxg6 27.Nf5 Bc8 28.Nxd6 Bxg4+ 29.Ke3
Ngf3 30.Be2 Rxd6 31.Bxf3 {#r} 1-0

[Event "It (open)"]
[Site "masterchessopen.com Kavala (Greece)"]
[Date "2007.08.05"]
[Round "2"]
[White "Svetushkin Dmitry (MDA)"]
[Black "Dzagnidze Nana (GEO)"]
[Result "1-0"]
[WhiteElo "2604"]
[BlackElo "2416"]

{ Svetushkin Dmitry (MDA) +2 =4 -2 Dzagnidze Nana (GEO) +1 =0 -0 } 1.d4 Nf6
2.c4 e6 3.Nf3 b6 4.Nc3 Bb7 5.Bg5 h6 6.Bh4 Bb4 7.Nd2 c5 { = } ( 7...O-O 8.e3 c5
9.a3 Bxc3 10.bxc3 d6 11.Bd3 cxd4 12.cxd4 Nbd7 13.O-O Qc7 14.f4 Rfc8 15.Qe2 d5
16.cxd5 Nxd5 17.f5 e5 18.Bg3 Nc3 19.Qf2 Qd8 20.Rac1 exd4 21.exd4 Nf6 22.Bh4 b5
23.Rc2 a5 24.Nb1 Nce4 25.Rxc8 Rxc8 26.Qb2 Qd5 27.Re1 { ...0-1, Javakhishvili
Lela 2423 - Dzagnidze Nana 2484 , Tbilisi 10.12.2004 It (w) } ) 8.d5 ( 8.a3
cxd4 9.axb4 dxc3 10.bxc3 d6 ( 10...O-O 11.e4 d6 12.Bd3 Nbd7 13.f4 e5 14.f5 a5
15.O-O Qc7 16.Qe2 axb4 17.cxb4 Rxa1 18.Rxa1 Ra8 19.Qd1 Qb8 20.h3 Bc6 21.Bf2
Qb7 22.Rxa8+ Qxa8 23.Qb1 Kf8 24.Kh2 Ke7 25.Be3 Qa3 26.Bf2 Qa8 27.Be3 Kd8 {
...1/2-1/2, Johannessen Leif Erlend 2519 - Nisipeanu Liviu-Dieter 2687 ,
Germany 7. 3.2004 Bundesliga 2003/04 } ) 11.e4 Nbd7 12.Bg3 e5 13.Bd3 O-O
14.O-O a5 15.Qb3 Qc7 16.Rfb1 axb4 17.cxb4 Nh5 18.Bh4 g5 19.Bg3 Rxa1 20.Rxa1
Ra8 21.Rxa8+ Bxa8 22.Qa3 Bb7 23.f3 Nxg3 24.hxg3 Nb8 25.Nf1 Bc8 26.Ne3 Be6
27.Qa8 Kg7 { ...1/2-1/2, Svetushkin Dmitry 2552 - Zugic Igor 2466 , Turin 4.
6.2006 Olympiad } ) 8...Bxc3 ( 8...Qe7 9.Qc2 Bxc3 10.Qxc3 exd5 11.cxd5 Bxd5
12.e4 Nc6 13.O-O-O Nb4 14.Bc4 Bxc4 15.Qxc4 O-O 16.Kb1 Qe6 17.a3 Nc6 18.Rhe1
Rfe8 19.f3 d5 20.exd5 Qxd5 21.Bxf6 Qxc4 22.Nxc4 gxf6 23.Nd6 Rxe1 24.Rxe1 Rd8
25.Nf5 h5 26.g4 hxg4 27.fxg4 Nd4 28.Ng3 { ...1/2-1/2, Onischuk Alexander 2668
- Gulko Boris F 2570 , New York 26. 6.2006 It "NYC Mayor's Cup" (active) } )
9.bxc3 exd5 ( 9...d6 10.e4 Nbd7 11.Be2 e5 12.f3 Nf8 13.Bf2 Ng6 14.g3 O-O
15.Nf1 Bc8 16.Ne3 Nh7 17.h4 f5 18.exf5 Bxf5 19.Nxf5 Rxf5 20.Bd3 Rf6 21.Qc2
Ngf8 22.Be4 a6 23.a4 Ra7 24.Be3 g5 25.hxg5 Nxg5 26.Bxg5 hxg5 27.Qh2 Rg7 28.Ke2
Kf7 29.Qh5+ { ...1-0, Wang Yue 2644 - Nguyen Anh Dung 2541 , Doha 3.12.2006 It
"Asiad Rapid" } ) ( 9...Qe7 10.Qc2 d6 11.e4 O-O 12.Bd3 Nbd7 13.O-O e5 14.f3
Rfb8 15.Rfe1 Nf8 16.Bf2 Ng6 17.g3 Bc8 18.h4 Bd7 19.Nf1 Rb7 20.Ne3 Nh5 21.a4 a5
22.Kf1 Kf8 23.Qd1 Nf6 24.Kg2 Kg8 25.Rb1 Rab8 26.Rh1 h5 27.Be1 Qd8 28.Bd2 Kf8
29.Bc2 { ...1-0, Sargissian Gabriel 2658 - Hou Yifan 2509 , Zafra 17. 3.2007
It (cat.15) } ) 10.cxd5 Bxd5 ( 10...g5 11.Bg3 Bxd5 12.h4 g4 13.Bd6 Ne4 14.Nxe4
Bxe4 15.Qa4 f5 16.O-O-O Qf6 17.Kb2 Rh7 18.f3 Bb7 19.Qf4 Nc6 20.e4 gxf3 21.gxf3
O-O-O 22.Rg1 Re8 23.Bh3 Ne5 24.Bxe5 Qxe5 25.Qxe5 Rxe5 26.Bxf5 Rf7 27.Rg6 h5
28.Rg5 Kc7 29.c4 b5 30.cxb5 { ...1-0, Borne Niels 2331 - Ibarra Chami Lius
2223 , Banyoles 23. 8.2006 It (open) } ) 11.e4 Be6 { N } ( 11...Qe7 12.Be2 (
12.Bxf6 gxf6 13.Be2 Be6 14.O-O Nc6 15.f4 f5 16.exf5 Bxf5 17.Nc4 O-O 18.Nd6 (
18.Rf3 Kh8 19.Re3 Qf6 20.Qd6 Be6 21.f5 Qxf5 22.Rf1 Qd5 23.Qf4 Qg5 24.Qf2 f5
25.Rg3 Qf6 26.Qf4 Rg8 27.Rh3 Rg6 28.Ne3 Rag8 29.Rh5 Qg7 30.g3 Rg5 31.Rh4 {
...1/2-1/2, Bukal Vladimir Jr 2407 - Rukavina Dario 2288 , Velika Gorica 23.
8.2006 It (open) } ) 18...Nd4 19.Nxf5 Nxf5 20.Bd3 Ne3 21.Qe1 Rae8 22.Qg3+ Kh8
23.Rfe1 Rg8 24.Qh3 Qe6 25.f5 Qc6 26.Re2 c4 27.f6 Rxg2+ 28.Rxg2 Qxg2+ 29.Qxg2
Nxg2 30.Bxc4 Nh4 31.Rd1 { ...1/2-1/2, Opinca Sorin 2105 - Lukinov Dmitry 2141
, Ilyichevsk 29. 7.2006 It (open) "Sunny Pawn" } ) 12...Bb7 13.Nc4 d5 14.exd5
Bxd5 15.O-O Nbd7 16.Re1 O-O 17.Bf3 Bxf3 18.Qxf3 Qd8 19.Rad1 Re8 20.Rf1 Qe7
21.Nd6 Red8 22.Nf5 Qe6 23.Rde1 Ne5 24.Nxh6+ Kh7 25.Qg3 Re8 26.f4 Nh5 27.Qg5
Qxh6 28.fxe5 Qxg5 29.Bxg5 f6 30.exf6 Kg6 31.f7 { ...1/2-1/2, Sokolov Ivan 2696
- Ljubojevic Ljubomir 2565 , Enschede 5.2005 Ch Netherlands (team) 2005
(play-off) } ) 12.e5 g5 13.Bg3 Nd5 14.Ne4 { +0.52 CAP } 14...Nc6 15.h4 g4
16.Be2 Qc7 17.Nd6+ Kf8 18.Rc1 h5 19.f3 { ?! } ( 19.O-O { !? } 19...Rb8 20.Bd3
Nde7 21.f3 Ng6 22.fxg4 Ngxe5 23.Nb5 Qd8 { } ) 19...gxf3 { ?! } ( 19...Ne3 { !?
} 20.Qd2 gxf3 21.Bxf3 Nf5 22.Nxf5 Bxf5 23.O-O { } ) 20.Bxf3 Rg8 21.Bh2 Ne3
22.Qd2 Ng4 23.Bxg4 Rxg4 24.O-O Qd8 25.Rf6 Ne7 26.Qh6+ Kg8 27.Qxh5 Rg7 28.Rcf1
Bg4 29.Qh6 Be6 30.Ne4 Rh7 31.Qg5+ Kh8 32.Rh6 Ng8 33.Rxh7+ Kxh7 34.Nf6+ Nxf6
35.exf6 Qf8 36.Bf4 c4 37.Kh2 Rc8 38.Qh5+ { } {#r} 1-0

[Event "Memorial Goriainov (open)"]
[Site "masterchessopen.com Novokuznetsk (Russia)"]
[Date "2007.08.19"]
[Round "6"]
[White "Suchkov Evgeniy (RUS)"]
[Black "Fedechkin Vladimir (RUS)"]
[Result "1-0"]
[WhiteElo "2279"]
[BlackElo "2027"]

1.d4 Nf6 2.c4 e6 3.Nf3 b6 4.Nc3 Bb7 5.Bg5 h6 6.Bh4 Bb4 7.Nd2 c5 8.d5 Qe7 9.Qc2
exd5 10.cxd5 g5 11.Bg3 Nxd5 12.Nc4 O-O 13.O-O-O Bxc3 14.bxc3 Qf6 15.Be5 Qxf2
16.Bg3 Qf6 17.e4 Nf4 18.Rd6 Qe7 19.Bxf4 gxf4 20.e5 Qg5 21.h4 Qg4 22.Rxh6 Qg7
23.Rf6 Bd5 24.Rf5 Qh7 25.Be2 f3 26.gxf3 Qh6+ 27.Rg5+ Kh8 28.Rg1 f6 29.Qg6 Qxg6
30.Rxg6 Rf7 31.Rg8+ Kh7 32.Bd3+ {#r} 1-0

[Event "Ch World (juniors) (under 14) (g)"]
[Site "masterchessopen.com Kemer (Turkey)"]
[Date "2007.11.25"]
[Round "8"]
[White "Nguyen Thi Mai Hung (VIE)"]
[Black "Paikidze Nazi (GEO)"]
[Result "0-1"]
[WhiteElo "2033"]
[BlackElo "2292"]

1.d4 Nf6 2.Nf3 e6 3.c4 b6 4.Nc3 Bb7 5.Bg5 h6 6.Bh4 Bb4 7.e3 Bxc3+ 8.bxc3 d6
9.Bd3 Nbd7 10.O-O Qe7 11.Nd2 e5 12.Be4 Bxe4 13.Nxe4 g5 14.Qf3 Rd8 15.Bg3 Nxe4
16.Qxe4 exd4 17.Qxe7+ Kxe7 18.cxd4 Nf6 19.f3 c5 20.Rfd1 Nh5 21.dxc5 dxc5 22.a4
Nxg3 23.hxg3 Rxd1+ 24.Rxd1 Rb8 25.Kf2 a6 26.Rh1 b5 27.axb5 axb5 28.cxb5 Rxb5
29.Rxh6 Rb2+ 30.Kg1 f6 31.Rh8 Kd7 32.Ra8 c4 33.Kh2 Rb6 34.g4 c3 35.Ra1 Kd6
36.Rc1 Rc6 37.Kg3 Kd5 38.Kf2 Kc4 39.Ke2 Kb3 40.f4 Kb2 41.Rh1 c2 42.fxg5 fxg5
43.e4 c1=Q 44.Rxc1 Kxc1 45.Kd3 Kd1 46.e5 Rg6 47.Ke4 Ke2 48.Kf5 Rg8 49.Kf6 Ke3
50.Kf7 Ra8 51.e6 Kf4 52.e7 Kxg4 53.e8=Q Rxe8 54.Kxe8 Kg3 {#R} 0-1

[Event "It (open) \"]
[Site "masterchessopen.com Berlin (Germany)"]
[Date "2008.04.30"]
[Round "1"]
[White "Mahn Franko (GER)"]
[Black "Mollison Jamie (SCO)"]
[Result "1-0"]
[WhiteElo "2167"]
[BlackElo "1893"]

1.d4 e6 2.c4 b6 3.Nf3 Bb7 4.Nc3 Nf6 5.Bg5 h6 6.Bh4 Bb4 7.e3 Bxc3+ 8.bxc3 d6
9.Bd3 g5 10.Bg3 Ne4 11.Qc2 Nxg3 12.hxg3 Nd7 13.e4 e5 14.O-O-O Qe7 15.Qa4 c6
16.Kb1 f6 17.Nd2 Kf7 18.Nf1 b5 19.Qb3 Kg6 20.Ne3 Rab8 21.Nf5 Qf8 22.cxb5 cxb5
23.Qe6 Nb6 24.Nxd6 Nc4 25.dxe5 Nxe5 26.f4 Nxd3 27.Rxd3 Bc6 28.Nf5 Be8 29.Rd6
b4 30.c4 b3 31.a3 Rb6 32.Rhd1 h5 33.c5 Rxd6 34.Rxd6 h4 35.e5 hxg3 36.Ne7+ {#r}
1-0

[Event "Ch Slovakia (open)"]
[Site "masterchessopen.com Zvolen (Slovakia)"]
[Date "2008.07.06"]
[Round "1"]
[White "Reisel Frantisek (SVK)"]
[Black "Petrik Tomas (SVK)"]
[Result "0-1"]
[WhiteElo "2059"]
[BlackElo "2487"]

1.d4 Nf6 2.c4 e6 3.Nf3 b6 4.Nc3 Bb7 5.Bg5 h6 6.Bh4 Bb4 7.a3 Bxc3+ 8.bxc3 d6
9.e3 Nbd7 10.Be2 g5 11.Bg3 Ne4 12.Rc1 h5 13.h3 Nxg3 14.fxg3 Qe7 15.Qa4 a6
16.Qc2 O-O-O 17.a4 a5 18.Kd2 Rhg8 19.Ne1 f5 20.Bf3 Nf6 21.Bxb7+ Kxb7 22.Qd1
Qd7 23.Nd3 Qc6 {#R} 0-1

[Event "Ch Europe (seniors)"]
[Site "masterchessopen.com Davos (Switzerland)"]
[Date "2008.08.14"]
[Round "6"]
[White "Schmidt Gerhard (GER)"]
[Black "Dotan Valeria (ISR)"]
[Result "1-0"]
[WhiteElo "2078"]
[BlackElo "2124"]

1.d4 Nf6 2.Nf3 e6 3.c4 b6 4.Nc3 Bb7 5.Bg5 h6 6.Bh4 Bb4 7.e3 g5 8.Bg3 Bxc3+
9.bxc3 Ne4 10.Nd2 Nxg3 11.hxg3 d6 12.Qh5 Nd7 13.Nf3 Bxf3 14.Qxf3 Ke7 15.Bd3 a5
16.Qe2 Qf8 17.Be4 Rb8 18.Bc6 Qg7 19.Rd1 f5 20.g4 fxg4 21.Qxg4 Qf6 22.Qe2 Nf8
23.g3 e5 24.f4 exd4 25.exd4+ Qe6 26.fxg5 h5 27.Rd2 Ng6 28.Qxe6+ Kxe6 29.Rf1
Ke7 30.Re2+ Kd8 31.Rf6 Ne7 32.Ba4 b5 33.cxb5 Nd5 34.Rf3 Nb6 35.Bb3 d5 36.Rf7
a4 37.Bc2 Nc4 38.g6 Nd6 39.Rh7 Rg8 40.Bxa4 Ne4 41.Rxe4 dxe4 42.Bb3 Rxg6
43.Rh8+ Kd7 44.Rxb8 Rxg3 45.Rh8 Rxc3 46.Rxh5 Rd3 47.Rd5+ Kc8 48.Rc5 Kb7 49.d5
Rh3 50.Rc6 Rd3 51.Ke2 Kb8 52.Bc4 Rc3 53.Kd2 Rg3 54.Re6 Kb7 55.Rxe4 Kb6 56.Re6+
Kc5 57.Rc6+ Kd4 58.Rxc7 Rg2+ 59.Be2 Kxd5 60.a4 Rg3 61.a5 Ra3 62.a6 Ra2+ 63.Ke3
Ra3+ 64.Bd3 Kd6 65.Rc6+ {#r} 1-0

[Event "It (open) (b)"]
[Site "masterchessopen.com Polanica Zdroj (Poland)"]
[Date "2008.08.24"]
[Round "6"]
[White "Mazalon Mariusz (POL)"]
[Black "Plotecki Jan (POL)"]
[Result "1-0"]
[WhiteElo "2166"]
[BlackElo "1903"]

1.d4 Nf6 2.c4 e6 3.Nf3 b6 4.Nc3 Bb7 5.Bg5 Bb4 6.e3 h6 7.Bh4 g5 8.Bg3 Ne4 9.Qc2
Bxc3+ 10.bxc3 d6 11.Bd3 f5 12.O-O-O Nd7 13.d5 Ndc5 14.Nd4 Qf6 15.f3 Nxd3+
16.Qxd3 Nc5 17.Qc2 Rf8 18.Nb5 Rf7 19.e4 a6 20.dxe6 Nxe6 21.exf5 Qxf5 22.Nxc7+
Nxc7 23.Rhe1+ Kd7 24.Rxd6+ Kc8 25.Qxf5+ Rxf5 26.Rxh6 Rc5 27.Rh8+ Kd7 28.Rh7+
Kc8 29.Rh8+ Kd7 30.Rh7+ Kc8 31.Ree7 {#r} 1-0

[Event "Memorial Siamidi (open)"]
[Site "masterchessopen.com Ufa (Russia)"]
[Date "2008.09.15"]
[Round "4"]
[White "Iksanov Timur (RUS)"]
[Black "Balakhontsev Evgeny (RUS)"]
[Result "1-0"]
[WhiteElo "2013"]
[BlackElo "1972"]

1.d4 Nf6 2.c4 e6 3.Nf3 b6 4.Nc3 Bb7 5.Bg5 h6 6.Bh4 Bb4 7.e3 O-O 8.Bd3 d6 9.O-O
Bxc3 10.bxc3 Nbd7 11.Nd2 c5 12.Qb3 Qc7 13.f3 Ba6 14.Rfc1 Rfc8 15.Qa3 Qb7
16.Rab1 d5 17.e4 Nh5 18.exd5 exd5 19.Bf5 Rc7 20.cxd5 Nf4 21.d6 Bd3 22.Bxd3
Nxd3 23.dxc7 Nxc1 24.Rxc1 Qxc7 25.Bg3 Qc6 26.Ne4 {#r} 1-0